[Event "OWL-ch U14 Girls"]
[Site "Hiddenhausen"]
[Date "2005.01.04"]
[Round "4"]
[White "Steffen, Luka"]
[Black "Nolte, Christina"]
[Result "0-1"]
[WhiteElo "915"]
[BlackElo "864"]
[PlyCount "128"]
[EventDate "2005.01.02"]
[EventType "tourn"]
[EventRounds "5"]
[EventCountry "GER"]
[SourceTitle "EXT 2007"]
[Source "ChessBase"]
[SourceDate "2006.11.23"]
[SourceVersion "1"]
[SourceVersionDate "2006.11.23"]
[SourceQuality "1"]

1. e4 e5 2. Nf3 Nc6 3. Bb5 d6 4. Bxc6+ bxc6 5. d3 Nf6 6. Nc3 Bg4 7. 0-0 Be7 8. h3 Bxf3 9. Qxf3 0-0 10. Qg3 Kh8 11. Be3 a6 12. Rad1 Rb8 13. Na4 Rb4 14. Nc3 Rxb2 15. Rb1 Rxb1 16. Nxb1 c5 17. Nc3 Nh5 18. Qg4 Nf6 19. Qg5 h6 20. Qh4 d5 21. Qg3 d4 22. Bd2 dxc3 23. Bxc3 Bd6 24. Bd2 Qd7 25. Re1 Qa4 26. c4 Qxa2 27. Be3 Qc2 28. Rc1 Qxd3 29. Bg5 Qxg3 30. fxg3 hxg5 31. g4 Nxe4 32. Re1 Nd2 33. h4 gxh4 34. g5 g6 35. Re3 Nxc4 36. Rh3 Rg8 37. Rxh4+ Kg7 38. Rxc4 a5 39. Ra4 Re8 40. Rxa5 e4 41. Ra2 e3 42. Kf1 c4 43. Ke2 Bf4 44. Ra1 Bxg5 45. Rc1 Re4 46. Kf3 f5 47. Ke2 Kh6 48. Rh1+ Kg7 49. g3 Rg4 50. Rg1 f4 51. Kf3 Rxg3+ 52. Rxg3 fxg3 53. Kxg3 c3 54. Kg4 c2 55. Kxg5 c1Q 56. Kf4 Qc4+ 57. Kxe3 Kf6 58. Kd2 Qb3 59. Ke2 Ke5 60. Kd2 Kd4 61. Ke2 Qe3+ 62. Kd1 Qf2 63. Kc1 Kc3 64. Kd1 Qd2# 0-1

[Event "OWL-ch U14 Girls"]
[Site "Hiddenhausen"]
[Date "2005.01.03"]
[Round "1"]
[White "Steffen, Luka"]
[Black "Himpenmacher, Anja"]
[Result "0-1"]
[WhiteElo "915"]
[BlackElo "771"]
[PlyCount "80"]
[EventDate "2005.01.02"]
[EventType "tourn"]
[EventRounds "5"]
[EventCountry "GER"]
[SourceTitle "EXT 2007"]
[Source "ChessBase"]
[SourceDate "2006.11.23"]
[SourceVersion "1"]
[SourceVersionDate "2006.11.23"]
[SourceQuality "1"]

1. e4 e5 2. Nc3 Nf6 3. Nf3 Bb4 4. d3 Nc6 5. Bg5 0-0 6. Qd2 Qe7 7. 0-0-0 Nd4 8. Nxe5 Qxe5 9. a3 Bxc3 10. Qxc3 Qxg5+ 11. Kb1 Ne6 12. e5 Nd5 13. Qa5 Ndf4 14. d4 b6 15. Qd2 Bb7 16. Bc4 d5 17. Bb3 Qxg2 18. Rhg1 Qxh2 19. Rh1 Qg2 20. Rh4 Qg5 21. Rh2 c5 22. dxc5 Nxc5 23. Re1 Rfe8 24. f3 Rxe5 25. Reh1 h6 26. c3 Rae8 27. c4 Nxb3 28. Qb4 Qf5+ 29. Ka2 dxc4 30. Qxc4 Bd5 31. Qc7 Nd2+ 32. Ka1 Re1+ 33. Qc1 Rxc1+ 34. Rxc1 Nb3+ 35. Ka2 Nxc1+ 36. Ka1 Re1 37. b3 Nxb3+ 38. Kb2 Rb1+ 39. Kc3 Qd3+ 40. Kb4 Qc4# 0-1